000 00533nam a2200193Ia 4500
001 14728
003 GE_BSU
008 181216s||||||||xx |||||||||||||| ||und||
040 _cGE_BSU
080 _aპერიოდიკა
245 _aПедагогика №1. 2015.
245 _bНаучн-технич. журнал РА образования
245 _cГл. ред. Р.С.Бозиев
260 _aМосква
260 _c2015
300 _a128стр.24см.
653 _aПедагогика
942 _cCR
999 _c47854
_d47854